Word Ladder: Car Compendium Quiz Stats

 Plays Quiz Updated Mar 27, 2013

Support Sporcle.
Go Orange.
Score 0/25 Timer 03:00
0 Plays Today
Hint 4-Letter Word % Correct
Alcoholic drink made with fermented grapesWINE
97.7%
A facial expression using one eyeWINK
97.6%
Peter Pan's fairy friend, for shortTINK
95.3%
The tortoise's opponentHARE
95.3%
Pellets of frozen rainHAIL
95.2%
Deck this with hollyHALL
94.4%
❖ ____ condition; like a brand new car ❖MINT
92%
❖ Level of opacity on a car window ❖TINT
91.4%
Thread similar to a cableWIRE
91.3%
Bar game played with cuesPOOL
90.2%
❖ What the brakes do on a car ❖HALT
89.9%
❖ Rubber component of a wheel ❖TIRE
89.6%
Political surveyPOLL
88.9%
Hint 4-Letter Word % Correct
❖ The back end of a car ❖TAIL
86.7%
'Sunglasses at Night' singer CoreyHART
86.2%
Light in colorPALE
86%
A long or slender piece of wood or metalPOLE
85.5%
Calibrating a scale or balanceTARE
84.2%
❖ Setting on the car's AC ❖COOL
84.2%
❖ A sheet of glass, like a car window ❖PANE
83.5%
Work extremely hardTOIL
78%
Windy weather indicatorVANE
77.9%
❖ With [First Rung]; family vehicles ❖VANS
74.7%
❖ Ignition or spark _____COIL
74.4%
❖ With [Last Rung]; family vehicles ❖MINI
72.2%

Today's Daily Dose

Missing Word
'80s Musicals

Word Ladder
Hereditary

Get the Picture
Food Names

From the Vault

Vocabulary Blitz XVII

by iglew

Language 60s
Say these 5 words 5 times fast and you'll be all sorts of confused.
Remove Ads.
Support Sporcle.
Get the best of Sporcle when you Go Orange. This ad-free experience offers more features, more stats, and more fun while also helping to support Sporcle. Thank you for becoming a member.

Show Comments

Extras

Top Quizzes Today


Score Distribution

Your Account Isn't Verified!

In order to create a playlist on Sporcle, you need to verify the email address you used during registration. Go to your Sporcle Settings to finish the process.

Report this User

Report this user for behavior that violates our Community Guidelines.

Details: